Staging the Bible ; readings from Holy Scripture arranged for dramatic and choral recitation /

Bibliographic Details
Main Author: Casey, Francis J.
Format: Book
Language:English
Published: Westminster, Md. : Newman Press, [1962]
Subjects:

MARC

Tag First Indicator Second Indicator Subfields
LEADER 00000cam a2200000 4500
001 in00000021953
005 20151007063815.0
008 750723s1962 mdua 00000 eng u
010 |a  62002844  
035 |a (OCoLC)01470101 
035 |9 AAD8295AM 
040 |c DZM  |d TXA  |d UtOrBLW 
049 |a TXAM  |c [349878] 
050 0 |a PN6120.R4  |b C375 1962 
082 0 |a 812.54 
092 |a 812  |b C338s 
100 1 |a Casey, Francis J. 
245 1 0 |a Staging the Bible ;  |b readings from Holy Scripture arranged for dramatic and choral recitation /  |c With a pref. by Edward J. Crowley. 
264 1 |a Westminster, Md. :  |b Newman Press,  |c [1962] 
300 |a 210 pages :  |b illustrations ;  |c 23 cm. 
336 |a text  |b txt  |2 rdacontent 
337 |a unmediated  |b n  |2 rdamedia 
338 |a volume  |b nc  |2 rdacarrier 
650 0 |a Bible plays. 
999 |a MARS 
999 f f |s 5a6f42e9-a8cb-314c-9de1-623ad956612c  |i 799f507d-0701-3d2e-97ba-fe6a6605cc14  |t 0 
952 f f |p ric  |a Texas A&M University  |b Rellis Campus  |c Joint Library Facility  |d Remote Storage  |t 0  |e PN6120.R4 C375 1962  |h Library of Congress classification  |i unmediated -- volume  |m A14801223658 
998 f f |a PN6120.R4 C375 1962  |t 0  |l Remote Storage